| 000 | 01495nam a22003495i 4500 | ||
|---|---|---|---|
| 003 | EG-ScBUE | ||
| 005 | 20250629095417.0 | ||
| 008 | 180917r20041975enka f 001 0 eng d | ||
| 020 | _a0471927120 | ||
| 020 | _a9780471927129 | ||
| 040 |
_aEG-ScBUE _beng _erda _cEG-ScBUE _dEG-ScBUE |
||
| 082 | 0 | 4 |
_a537 _bGRA _222 |
| 100 | 1 |
_aGrant, I. S. _q(Ian S.) _eauthor. |
|
| 245 | 1 | 0 |
_aElectromagnetism / _cI. S. Grant, W. R. Phillips, Department of Physics, University of Manchester. |
| 250 | _aSecond edition. | ||
| 264 | 1 |
_aChichester : _bJohn Wiley & Sons, _c2004. |
|
| 300 |
_axvi, 525 pages : _billustrations ; _c23 cm. |
||
| 336 |
_2rdacontent _atext _btxt |
||
| 337 |
_aunmediated _2rdamedia _bn |
||
| 338 |
_avolume _bnc _2rdacarrier |
||
| 490 | 0 | _aThe Manchester physics series | |
| 500 | _aIncludes Appendices. | ||
| 500 | _aIncludes index. | ||
| 520 | _aThis text gives the ingredients as well as the formulae for setting up lipophilicity calculations for a great variety of organic molecules. The book is intended for medicinal and pharmaceutical chemists, biochemists and all those who work in allied disciplines. | ||
| 650 | 7 |
_aElectromagnetism. _2BUEsh |
|
| 653 |
_bENGGEN _cSeptember2018 |
||
| 655 | _vReading book | ||
| 700 | 1 |
_aPhillips, W. R. _q(William Robert) _eauthor. |
|
| 856 | 4 | 2 |
_3Publisher description _uhttp://www.loc.gov/catdir/description/wiley033/90035818.html |
| 856 | 4 | 2 |
_3Table of Contents _uhttp://www.loc.gov/catdir/toc/onix04/90035818.html |
| 942 |
_2ddc _cBB |
||
| 999 |
_c154 _d154 |
||